000 00310nam a22001217a 4500
008 170713b xxu||||| |||| 00| 0 eng d
041 _aeng
080 _a038
100 _a23
101 _aFJA
245 _aWEBSTERS NEW TWENTIETH CENTURY DICTIONARY OF ENGLISH LANGUAGE
_cWHITEHALL.H
942 _2udc
_cBK
999 _c20422
_d20422